Fundamento filosófico de la Unión Europea (Record no. 144038)

MARC details
000 -LEADER
campo de control de longitud fija 00746nam a2200205 i 4500
001 - NÚMERO DE CONTROL
campo de control 144038
003 - IDENTIFICADOR DE NÚMERO DE CONTROL
campo de control ES-MaACL
005 - FECHA Y HORA DE LA ÚLTIMA TRANSACCIÓN
campo de control 20240527160108.0
007 - CAMPO FIJO DE DESCRIPCIÓN FÍSICA--INFORMACIÓN GENERAL
campo de control de longitud fija t|
008 - DATOS DE LONGITUD FIJA--INFORMACIÓN GENERAL
campo de control de longitud fija 070214s1958 sp |||| | spa d
100 1# - ENTRADA PRINCIPAL--NOMBRE DE PERSONA
Nombre de persona Simón Tobalina, Juan Luis de.
9 (RLIN) 106553
245 10 - MENCIÓN DEL TÍTULO
Título Fundamento filosófico de la Unión Europea
Resto del título : [conferencia... Ateneo Mercantil de Valencia, 27 de mayo de 1957] /
Mención de responsabilidad, etc. Juan Luis de Simón Tobalina.
260 ## - PUBLICACIÓN, DISTRIBUCIÓN, ETC.
Lugar de publicación, distribución, etc. [Valencia] :
Nombre del editor, distribuidor, etc. Instituto Valenciano de Economía,
Fecha de publicación, distribución, etc. 1958 (
Fabricante Sucesores de Vives Mora)
300 ## - DESCRIPCIÓN FÍSICA
Extensión 34 p. ;
Dimensiones 18 cm.
610 20 - PUNTO DE ACCESO ADICIONAL DE MATERIA--NOMBRE DE ENTIDAD CORPORATIVA
Nombre de entidad corporativa o nombre de jurisdicción como elemento de entrada
9 (RLIN) 236704
710 2# - ENTRADA AGREGADA--NOMBRE DE ENTIDAD CORPORATIVA
Nombre de entidad corporativa o nombre de jurisdicción como elemento de entrada Ateneo Mercantil (Valencia)
9 (RLIN) 2050
710 2# - ENTRADA AGREGADA--NOMBRE DE ENTIDAD CORPORATIVA
Nombre de entidad corporativa o nombre de jurisdicción como elemento de entrada Instituto Valenciano de Economía.
9 (RLIN) 5250
852 ## - LOCALIZACIÓN
Ubicación ES-MaACL
Número de control de estantería 2003-F-4
Holdings
Estatus retirado Estado de pérdida Estado de daño No para préstamo Colección Biblioteca de origen Biblioteca actual Ubicación en estantería Fecha de adquisición Fuente de adquisición Total de préstamos Signatura topográfica completa Código de barras Visto por última vez Precio de reemplazo Tipo de ítem Koha
        Colección de folletos Biblioteca del Ateneo de Madrid Biblioteca del Ateneo de Madrid Depósito folletos 17/01/2008     2003-F-4 1149861 23/02/2023 23/02/2023 Folleto